Jai Bhim: dispatches from a peaceful revolution (Record no. 394256)

000 -LEADER
fixed length control field 00477cam a22001577a 4500
008 - FIXED-LENGTH DATA ELEMENTS--GENERAL INFORMATION
fixed length control field 180718b1988 xxu||||| |||| 00| 0 eng d
020 ## - INTERNATIONAL STANDARD BOOK NUMBER
International Standard Book Number 0938077155
082 ## - DEWEY DECIMAL CLASSIFICATION NUMBER
Classification number BA27x54 P641
100 ## - MAIN ENTRY--PERSONAL NAME
Personal name Pilchick, Terry
245 ## - TITLE STATEMENT
Title Jai Bhim: dispatches from a peaceful revolution
Statement of responsibility, etc. by Terry Pilchick
260 ## - PUBLICATION, DISTRIBUTION, ETC.
Place of publication, distribution, etc. Glasgow
Name of publisher, distributor, etc. Windhorse
Date of publication, distribution, etc. 1988
300 ## - PHYSICAL DESCRIPTION
Extent 240p.
650 ## - SUBJECT ADDED ENTRY--TOPICAL TERM
Topical term or geographic name entry element Buddhism - India.
650 ## - SUBJECT ADDED ENTRY--TOPICAL TERM
Topical term or geographic name entry element Ambedkar, B. R. - Criticism and interpretation
650 ## - SUBJECT ADDED ENTRY--TOPICAL TERM
Topical term or geographic name entry element Untouchables - India
Holdings
Withdrawn status Lost status Damaged status Not for loan Permanent Location Current Location Date acquired Full call number Barcode Date last seen Price effective from Koha item type
        Indian Institute of Public Administration Indian Institute of Public Administration 2000-10-12 BA27x54 P641 75939 2018-07-21 2018-07-21 Book

Powered by Koha